000 00619nam a2200229Ia 4500
003 OSt
005 20221007081518.0
006 a|||||r|||| 00| 0
007 ta
008 221006b |||||||| |||| 00| 0 eng d
024 _a11,283
037 _cTextual
040 _aFLL
_cFLL
_beng
041 _2eng
_aeng
082 _aV1:19.N7, L2
100 _aBobrow D.B. Au.
_9697435
245 0 _aInternational relations
_b New approaches
260 _aNew York
_bThe free press U.S.A.
_c1972
300 _a95p
_ccm.
942 _hV1:19.N7, L2
_cTEXL
_2CC
999 _c1163282
_d1163282